[Event "CRO-ch U15"]
[Site "Trogir"]
[Date "2023.06.24"]
[Round "6"]
[White "Grgic, Karlo"]
[Black "Stanic, Fabijan"]
[Result "0-1"]
[WhiteElo "1190"]
[BlackElo "1450"]
[PlyCount "70"]
[EventDate "2023.06.21"]
[EventType "swiss"]
[EventRounds "9"]
[EventCountry "CRO"]
[SourceTitle "EXT 2024"]
[Source "ChessBase"]
[SourceDate "2023.10.10"]
[SourceVersion "1"]
[SourceVersionDate "2023.10.10"]
[SourceQuality "1"]

1. Nf3 c5 2. g3 Nc6 3. Bg2 e5 4. d3 d5 5. 0-0 Nf6 6. Nbd2 Be7 7. e4 0-0 8. Qe2 d4 9. Nc4 Qc7 10. a4 Nd7 11. Ng5 Bxg5 12. Bxg5 f6 13. Bd2 a5 14. f4 Nb6 15. f5 Nxc4 16. dxc4 Bd7 17. c3 Rad8 18. Qe1 Be8 19. cxd4 cxd4 20. Rd1 Qb6 21. Rf2 Bf7 22. Bf1 Rc8 23. Bc1 Nb4 24. b3 Rfd8 25. Ba3 Nc6 26. Rd3 Nb4 27. Bxb4 Qxb4 28. Qxb4 axb4 29. g4 Rc7 30. h4 Be8 31. Ra2 Bc6 32. Bg2 Rdc8 33. Bf3 Ra8 34. g5 Kf7 35. Rg2 g6 0-1